000 00526nam a22001817a 4500
005 20250206122007.0
008 250131b ||||| |||| 00| 0 eng d
040 _cAL
041 _aEnglish
082 _223
_a378.14
_bSTAA
100 _a ST ALOYSIUS COLLEGE
_9198069
245 _aSt Aloysius College Mangalore: Annual Magazine 2011-2014
260 _aMangalore
_b St Aloysius College
_c2011
300 _bHB
650 _aCollege Magazine
_9196567
650 _a2011-2012,2012-2013,2013-2014
_9196572
942 _2ddc
_cDB
999 _c233708
_d233708